Dekorace z papíru - kusudama /

Hlavní autor: Svobodová, Marta
Jazyk: Čeština
Vydáno: Brno : Zoner Press, 2012
Vydání: Vyd. 1.
Edice: Encyklopedie Zoner Press
Témata:
Fyzický popis: 108 s. : barev. il. ; 24 cm
Knihy
Uloženo v:
LEADER 01730nam a2200517 a 4500
001 nkc20122433421
003 CZ PrNK
005 20130214133012.0
007 ta
008 130111s2012 xr a g f 000 0 cze
015 |a cnb002433421 
020 |a 978-80-7413-227-8  |q (brož.) :  |c Kč 229,00 
035 |a (OCoLC)827262834 
040 |a BOA001  |b cze  |d OLA001 
072 7 |a 74  |x Kresba. Umělecká řemesla  |2 Konspekt  |9 21 
080 |a 745.54  |2 MRF 
080 |a 745  |2 MRF 
080 |a 7.04  |2 MRF 
080 |a (035)  |2 MRF 
080 |a (084.11)  |2 MRF 
100 1 |a Svobodová, Marta  |7 mzk2013742053  |4 aut 
245 1 0 |a Dekorace z papíru - kusudama /  |c Marta Svobodová 
246 3 0 |a Kusudama 
250 |a Vyd. 1. 
260 |a Brno :  |b Zoner Press,  |c 2012 
300 |a 108 s. :  |b barev. il. ;  |c 24 cm 
490 1 |a Encyklopedie Zoner Press 
504 |a Obsahuje bibliografické odkazy 
650 0 7 |a skládanky z papíru  |7 ph116155  |2 czenas 
650 0 7 |a výtvarné práce  |7 ph127466  |2 czenas 
650 0 7 |a dekorace  |7 ph114297  |2 czenas 
650 0 9 |a paper folding  |2 eczenas 
650 0 9 |a handicraft  |2 eczenas 
650 0 9 |a decoration  |2 eczenas 
653 0 |a technika kusudama 
655 7 |a příručky  |7 fd133209  |2 czenas 
655 7 |a obrazové publikace  |7 fd132947  |2 czenas 
655 9 |a handbooks and manuals  |2 eczenas 
655 9 |a pictorial works  |2 eczenas 
830 0 |a Encyklopedie Zoner Press  |0 s 
910 2 |a BOA001  |b 2-1296.762 
990 |a BK 
995 |a 01 
991 |b 201301  |c NOV  |e n 
996 6 |b 2610534533  |c 2-1296.762  |l MZK  |r Sklad / do 1 hodiny  |n 0  |p p.v.  |w 001308107  |u 000010  |a 1  |e BOA001  |j MZK50  |s P 
996 7 |b 2610534534  |c 2-1296.762  |l MZK  |r Sklad / do 1 hodiny  |n 2  |p p.v.  |w 001308107  |u 000020  |a 1  |e BOA001  |j MZK50  |s A